Nőstény patkányok bevonásának jelentősége a kutatásba a stroke : [absztrakt] /

Elmentve itt :
Bibliográfiai részletek
Szerző: Gödör Nóra Anna
Testületi szerző: IX. Móra Kárpát-medencei Interdiszciplináris Szakkollégiumi Konferencia
Dokumentumtípus: Könyv része
Megjelent: Szegedi Tudományegyetem Móra Ferenc Szakkollégium Szeged 2025
Sorozat:Móra Kárpát-medencei Interdiszciplináris Szakkollégiumi Konferencia 9
Kulcsszavak:Kísérleti állatok - patkány - előadáskivonat, Agyi érbetegségek - előadáskivonat, Agyvérzés - előadáskivonat
Tárgyszavak:
Online Access:http://acta.bibl.u-szeged.hu/89065
LEADER 01112naa a2200229 i 4500
001 acta89065
005 20251202113823.0
008 251202s2025 hu o 100 hun d
040 |a SZTE Egyetemi Kiadványok Repozitórium  |b hun 
041 |a hun 
100 1 |a Gödör Nóra Anna 
245 1 0 |a Nőstény patkányok bevonásának jelentősége a kutatásba  |h [elektronikus dokumentum] :  |b a stroke : [absztrakt] /  |c  Gödör Nóra Anna 
260 |a Szegedi Tudományegyetem Móra Ferenc Szakkollégium  |b Szeged  |c 2025 
300 |a 47 
490 0 |a Móra Kárpát-medencei Interdiszciplináris Szakkollégiumi Konferencia  |v 9 
650 4 |a Természettudományok 
650 4 |a Biológiai tudományok 
650 4 |a Orvos- és egészségtudomány 
650 4 |a Klinikai orvostan 
695 |a Kísérleti állatok - patkány - előadáskivonat, Agyi érbetegségek - előadáskivonat, Agyvérzés - előadáskivonat 
711 |a IX. Móra Kárpát-medencei Interdiszciplináris Szakkollégiumi Konferencia  |c Szeged  |d 2025. november 21-23. 
856 4 0 |u http://acta.bibl.u-szeged.hu/89065/1/morakonf_2025_047.pdf  |z Dokumentum-elérés